000 00582nam a22002057a 4500
003 OSt
005 20140310181807.0
008 130704t xxu||||| |||| 00| 0 eng d
020 _a9781904994572
050 _aAG 243
_b.G964 2011
082 _aREF 909.82
_bG964 2011
245 _aGuinness world records 2011 /
_cGuinness.
260 _aNew York :
_bGuinness World Records,
_c2011.
300 _a287 p. ;
_bill. col. ;
_c30 cm.
520 _a1. World records--periodicals
521 _aBasic ed. students
541 _j1
562 _e1
942 _2lcc
_cBK-GR
_kREF
999 _c3814
_d3814